[Event "Kaltern Trophy-B 2nd"]
[Site "Kaltern"]
[Date "2017.10.28"]
[Round "2"]
[White "Saxl, Alexander"]
[Black "Raso, Gabriel"]
[Result "1-0"]
[WhiteElo "1503"]
[BlackElo "1435"]
[PlyCount "35"]
[EventDate "2017.10.27"]
[EventType "swiss"]
[EventRounds "5"]
[EventCountry "ITA"]
[SourceTitle "CBM 181 Extra"]
[Source "ChessBase"]
[SourceDate "2017.12.12"]
[SourceVersion "1"]
[SourceVersionDate "2017.12.12"]
[SourceQuality "1"]

1. e4 c5 2. Nf3 Nc6 3. d4 d5 4. dxc5 Qa5+ 5. Bd2 Qxc5 6. exd5 Qxd5 7. Nc3 Qd8 8. Bc4 Bg4 9. Bxf7+ Kxf7 10. Ng5+ Ke8 11. Qxg4 Nf6 12. Qe2 Nd4 13. Qd3 Qb6 14. 0-0-0 Ng4 15. Be3 e5 16. h3 Nxe3 17. fxe3 Nc6 18. Qd7# 1-0